| 000 | 00531cam a2200217ua 4500 | ||
|---|---|---|---|
| 001 | 8534 | ||
| 008 | 150205n xxu |||gr||||Z||||||eng | ||
| 020 | _a0415280990 | ||
| 040 | _cMAIN | ||
| 041 | _aeng | ||
| 082 | _a420 | ||
| 100 |
_aBaugh, A. C., _eauthor. |
||
| 245 | 1 |
_aHistory of the english language _cBy A. C. Baugh |
|
| 250 | _a5th. | ||
| 260 |
_aNew york: _bRoutledge, _c2004. |
||
| 300 | _axiii,448p. | ||
| 653 | _aEnglish & Old English | ||
| 653 | _aENglish language | ||
| 700 |
_aCable, T., _eAuthor. |
||
| 942 | _cBK | ||
| 999 |
_c7635 _d7635 |
||